000 00778nam a2200217Ii 4500
003 JO-AjNU
008 230605s9999||||xx |||||||||||||| ||und||
017 _a2001/9/1811
040 _aJO-AjNU
_bara
_erda
_cJO-AjNU
041 _aara
050 1 4 _aHF5438.25.S2296.2002
100 3 _aالسباتين،يوسف احمد محمود,
_eauthor
_930584
245 0 0 _aالبيوع القديمة والمعاصرة والبورصات المحلية والدولية
250 _aط1
264 3 1 _aعمان:دار البيارق ؛2002
300 _a257ص
_bيحتوي على ببلوغرافية من ص249-257ص
336 _atext
_btxt
_2rdacontent
337 _aunmediated
_bn
_2rdamedia
338 _avolume
_bnc
_2rdacarrier
650 4 _aالبيوع القديمة
_930585
999 _aA12141
_c15709
_d15709